ბათუმის შოთა რუსთაველის სახელმწიფო უნივერსიტეტის ბიბლიოთეკა

Essentials of Nursing an introduction / (ბიბ.ჩანაწერი № 47444)

000 -LEADER
fixed length control field 00704nam a2200229Ia 4500
001 - CONTROL NUMBER
control field 14306
003 - CONTROL NUMBER IDENTIFIER
control field GE_BSU
005 - DATE AND TIME OF LATEST TRANSACTION
control field 20221124105957.0
008 - FIXED-LENGTH DATA ELEMENTS--GENERAL INFORMATION
fixed length control field 181216s1987||||enk|||||||||||||| ||eng||
020 ## - INTERNATIONAL STANDARD BOOK NUMBER
International Standard Book Number 0333440757x
040 ## - CATALOGING SOURCE
Transcribing agency GE_BSU
041 ## - LANGUAGE CODE
Language code of text/sound track or separate title eng
080 ## - UNIVERSAL DECIMAL CLASSIFICATION NUMBER
Universal Decimal Classification number 61 Sh-53
100 ## - MAIN ENTRY--PERSONAL NAME
Personal name Collins, Sheila
9 (RLIN) 16016
245 ## - TITLE STATEMENT
Title Essentials of Nursing an introduction /
Statement of responsibility, etc. Collins,Sheila; Parker, Edith.
264 ## - PRODUCTION, PUBLICATION, DISTRIBUTION, MANUFACTURE, AND COPYRIGHT NOTICE
Place of production, publication, distribution, manufacture London:
Name of producer, publisher, distributor, manufacturer Macmillan,
Date of production, publication, distribution, manufacture, or copyright notice 1987.
300 ## - PHYSICAL DESCRIPTION
Extent 125 p.;
Other physical details 30 cm.
653 ## - INDEX TERM--UNCONTROLLED
keyword Essentials of Nursing an introduction
653 ## - INDEX TERM--UNCONTROLLED
keyword საექთნო საფუძვლების შესავალი
700 ## - ADDED ENTRY--PERSONAL NAME
Personal name Edith, Parker
Relator term ავტორი
9 (RLIN) 16017
942 ## - ADDED ENTRY ELEMENTS (KOHA)
Koha item type წიგნი
Source of classification or shelving scheme
ეგზემპლარები
Withdrawn status Lost status Source of classification or shelving scheme Damaged status Not for loan Permanent Location Current Location Shelving location Date acquired Full call number Barcode Date last seen Copy number Price effective from Koha item type
          ბათუმის შოთა რუსთაველის სახელმწიფო უნივერსიტეტის მთავარი ბიბლიოთეკა ბათუმის შოთა რუსთაველის სახელმწიფო უნივერსიტეტის მთავარი ბიბლიოთეკა წიგნსაცავი 2018-12-17 61 Sh-53 37598 2018-12-17 37598 2018-12-17 წიგნი